书目信息 |
| 题名: |
合金英雄
|
|
| 作者: | 刘克丽 著 | |
| 分册: | ||
| 出版信息: | 北京 中国经济出版社 2005.07 |
|
| 页数: | 349页 | |
| 开本: | 24cm | |
| 丛书名: | ||
| 单 册: | ||
| 中图分类: | F426.6 | |
| 科图分类: | ||
| 主题词: | 电子工业--工业企业管理--经验--美国 | |
| 电子资源: | ||
| ISBN: | 7-5017-7109-X | |
| 000 | 00833nam0 2200241 450 | |
| 001 | 192004002310 | |
| 005 | 20070917095204.78 | |
| 010 | @a7-5017-7109-X@dCNY68.00 | |
| 100 | @a20070601d2005 ekmy0chiy0121 ea | |
| 101 | 0 | @achi |
| 102 | @aCN@b110000 | |
| 105 | @aacf z 000yy | |
| 200 | 1 | @a合金英雄@Ahe jin ying xiong@e见证中国惠普20年@f刘克丽著 |
| 210 | @a北京@c中国经济出版社@d2005.07 | |
| 215 | @a349页@c图, 肖像@d24cm | |
| 300 | @a其他题名:见证中国惠普20年 | |
| 330 | @a本书介绍了惠普公司如何打开中国大门,发展壮大创造的种种奇迹,并对向销售辐射,向大学辐射,向中国计划辐射等经营模式进行了阐述。 | |
| 517 | 1 | @a见证中国惠普20年@Ajian zheng zhong guo hui pu20 nian |
| 606 | 0 | @a电子工业@x工业企业管理@x经验@y美国 |
| 690 | @aF426.6@v4 | |
| 701 | 0 | @a刘克丽@Aliu ke li@4著 |
| 801 | 0 | @aCN@c20070917 |
| 905 | @dF426.6@eL643 | |
| 合金英雄:见证中国惠普20年/刘克丽著.-北京:中国经济出版社,2005.07 |
| 349页:图, 肖像;24cm |
| 其他题名:见证中国惠普20年 |
| ISBN 7-5017-7109-X:CNY68.00 |
| 本书介绍了惠普公司如何打开中国大门,发展壮大创造的种种奇迹,并对向销售辐射,向大学辐射,向中国计划辐射等经营模式进行了阐述。 |
| ● |
| 相关链接 |
|
|
|
正题名:合金英雄
索取号:F426.6/L643
 
预约/预借
| 序号 | 登录号 | 条形码 | 馆藏地/架位号 | 状态 | 备注 |
| 1 | 619482 | 206194820 | 社科二线422/422社科库 47排4列4层/ [索取号:F426.6/L643] | 在馆 | |
| 2 | 619483 | 206194839 | 社科二线422/409社科库 36排4列2层/ [索取号:F426.6/L643] | 在馆 | |
| 3 | 619484 | 206194848 | 社科库409/409社科库 36排4列2层/ [索取号:F426.6/L643] | 在馆 |